000 00450nam a2200121 a 4500
008 110107s1974|||| d
100 1 _aLenin, V. I.
245 1 0 _aO úlohe ženy v spoločnosti a skúsenosti z riešenia ženskej otázky v socialistických krajinách
_bMateriály medzinárodného sýmpózia, venovaného 100. výročiu narodenia V. I. Lenina
260 _bPravda
_aBratislava
_c1974
020 _c11
044 _axo
_cSK
041 _aslo
999 _c15556
_d15556